000 004240000a22001690004500
041 0 _aENG
082 0 4 _aG 301 P889m
100 1 _aPowys, John Cowper
245 1 0 _aThe meaning of culture / John Cowper Powys
260 _aNew York, USA : W.W. Norton
300 _a275 Pag
001 9239
942 _cBK
999 _c39301
_d39301
336 _atexto
_btxt
_2rdacontent
337 _2rdamedia
_asin mediación
_bn
338 _2rdacarrier
_avolumen
_bnc